MARC

LEADER 00000nam0a2200000 4500
001 177570
005 20231101223336.0
035 |a (RuTPU)RU\TPU\book\192523 
090 |a 177570 
100 |a 20100320d1960 k y0rusy50 ca 
101 0 |a rus 
102 |a RU 
105 |a y z 001zy 
200 1 |a Синтез винильных производных ароматических и гетероциклических соединений  |f Г. С. Колесников  |g Академия наук СССР (АН СССР), Институт элементоорганических соединений им. А. Н. Несмеянова (ИНЭОС) 
210 |a Москва  |c Изд-во АН СССР  |d 1960 
215 |a 304 с. 
320 |a Библиогр.: с. 282-288. 
320 |a Предметный указатель: с. 289-297. 
606 1 |a Мономеры  |x Синтез  |2 stltpush  |3 (RuTPU)RU\TPU\subj\32420  |9 54976 
610 1 |a ароматические соединения 
610 1 |a гетероциклические соединения 
610 1 |a винильные производные 
610 1 |a классификация 
610 1 |a дегидратация 
610 1 |a пиролиз 
675 |a 661.71  |v 3 
700 1 |a Колесников  |b Г. С.  |g Герман Сергеевич 
712 0 2 |a Академия наук СССР (АН СССР)  |b Институт элементоорганических соединений им. А. Н. Несмеянова (ИНЭОС)  |c (Москва)  |2 stltpush  |3 (RuTPU)RU\TPU\col\12434 
801 1 |a RU  |b 63413507  |c 20100320 
801 2 |a RU  |b 63413507  |c 20190222  |g RCR 
942 |c BK